|
|
|
|
| LEADER |
01306nam a22002657a 4500 |
| 001 |
38761 |
| 003 |
BD-DhAAL |
| 008 |
220619t2017 bg ||||| |||| 00| 0 ben d |
| 999 |
|
|
|c 44452
|d 44452
|
| 020 |
|
|
|a 9789849233695
|
| 040 |
|
|
|a BD-DhAAL
|c BD-DhAAL
|
| 041 |
|
|
|a ben
|
| 082 |
|
|
|a 320.10924
|
| 245 |
|
|
|a প্লেটো :
|b রাষ্ট্রনায়ক : রাষ্ট্র, সংবিধান ও বিবিধ সংজ্ঞাবিষয়ক একটি সংলাপ /
|c অনুবাদ, ভূমিকা ও টীকা আমিনুল ইসলাম ভুইয়া
|
| 246 |
|
|
|a Plato : Statesman
|
| 260 |
|
|
|a ঢাকা :
|b পাঠক সমাবেশ,
|c ২০১৭.
|
| 300 |
|
|
|a ১৯৭ পৃষ্ঠা ;
|c ২২ সে.মি.
|
| 541 |
|
|
|a Donated By Akbar Ali Khan
|e 38761
|
| 600 |
|
|
|a Plato
|t Phaedo.
|9 49463
|
| 650 |
|
|
|a Political science
|v Early works to 1800.
|9 49461
|
| 650 |
|
|
|a Political science.
|9 49464
|
| 700 |
|
|
|a ভুইয়া, আমিনুল ইসলাম
|9 49462
|
| 852 |
|
|
|a Ayesha Abed Library
|c Akbar Ali Khan Collection
|
| 942 |
|
|
|2 ddc
|c BK
|
| 952 |
|
|
|0 0
|1 0
|2 ddc
|4 0
|6 320_109240000000000_PLA
|7 1
|9 71072
|a BRACUL
|b BRACUL
|c AAKC
|d 2022-06-19
|e Donated by Akbar Ali Khan
|l 0
|o 320.10924 PLA
|p 3010038761
|r 2022-06-19
|t 1
|w 2022-06-19
|y BK
|